Women's entrepreneurship

Guardat en:
Dades bibliogràfiques
Autor principal: Mc Adam Maura
Format: Llibre
Idioma:anglès
Publicat: Routledge 2023
Etiquetes: Afegir etiqueta
Sense etiquetes, Sigues el primer a etiquetar aquest registre!

MARC

LEADER 00000nam a22000007a 4500
008 240808b |||||||| |||| 00| 0 eng d
020 |a 9780367650728 
100 |a Mc Adam Maura 
245 |a Women's entrepreneurship   |c Maura Mc Adam  |e Routledge Masters in entrepreneurship  |g xi,171p.;ill 
260 |b Routledge  |c 2023  |h New-York  |i 702179  |i 702180  |l HD6072.5M11  |m Self employed women  |m Business woman  |m Women- Owned business enterprises  |m Entrepreneurship 
500 |a It includes references and index 
942 |a lcc  |c BK  |e Adeyemo O.O  |f 8/8/2024 
952 |0 0  |1 0  |2 lcc  |4 0  |6 HD60725 M11  |7 0  |9 5444  |a SSL  |b HOL  |c GJ  |d 2024-08-08  |l 0  |o HD6072.5M11  |p 2024-0685  |r 2024-08-08 00:00:00  |t 702179  |w 2024-08-08  |y BK 
952 |0 0  |1 0  |2 lcc  |4 0  |6 HD60725 M11  |7 0  |9 5445  |a SSL  |b HOL  |c GJ  |d 2024-08-08  |l 0  |o HD6072.5M11  |p 2024-0686  |r 2024-08-08 00:00:00  |t 702180  |w 2024-08-08  |y BK 
999 |c 2695  |d 2695